LIBRARY & INFORMATION CENTRE, KCAET, TAVANUR

ONLINE PUBLIC ACCESS CATALOGUE (OPAC)

Design of steel structures / (Record no. 5533)

MARC details
000 -LEADER
fixed length control field 00324cam a2200145ua 4500
003 - CONTROL NUMBER IDENTIFIER
control field OSt
008 - FIXED-LENGTH DATA ELEMENTS--GENERAL INFORMATION
fixed length control field 250610b |||||||| |||| 00| 0 eng d
041 ## - LANGUAGE CODE
Language code of text/sound track or separate title eng
082 ## - DEWEY DECIMAL CLASSIFICATION NUMBER
Classification number 624.1821
Item number DAY/DE
100 ## - MAIN ENTRY--AUTHOR NAME
Personal name Dayaratnam, P .
245 ## - TITLE STATEMENT
Title Design of steel structures /
250 ## - EDITION STATEMENT
Edition statement 1 /
300 ## - PHYSICAL DESCRIPTION
Number of Pages 832 ; .
942 ## - ADDED ENTRY ELEMENTS (KOHA)
Koha item type Books
Holdings
Withdrawn status Lost status Damaged status Home library Current library Date acquired Full call number Accession Number Koha item type
      KAUAET KAUAET 07/04/2012 624.1821 DAY/DE 19220 Books
free website counter